| 000 | 00785nam a2200205 i 4500 | ||
|---|---|---|---|
| 001 | 17150 | ||
| 003 | ES-MaACL | ||
| 005 | 20230906151520.0 | ||
| 007 | t| | ||
| 008 | 010108s2000 sp ||||1| spa d | ||
| 020 | _a84-89913-19-6 | ||
| 080 | _a75 Juanes, Juan de (064.3) | ||
| 245 | 0 | 0 |
_aJoan de Joanes _b: un maestro del Renacimiento : Fundación Santander Central Hispano del 3 de octubre al 26 de noviembre de 2000 / _cpreparación y textos: Fernando Benito Doménech. |
| 260 |
_a[S.l.] : _bFundación Santander Central Hispano, _c[2000] |
||
| 300 |
_a203 p. ; _c30 cm. |
||
| 600 | 1 | 4 |
_aJuanes, Juan de ( _dca. 1510-1579) _967149 |
| 700 | 1 |
_aBenito Doménech, Fernando. _927673 |
|
| 710 | 2 |
_aFundación Santander Central Hispano. _94415 |
|
| 852 |
_aES-MaACL _jL-23912 _bR.128129 |
||
| 999 |
_c17150 _d17150 |
||